000 00705nam a2200289Ia 4500
005 20260324124654.0
008 008 260324s9999 xx 000 0 eng d
020 _a9780429498336
037 _aEBOOK
040 _aCRL
040 _beng
040 _cCRL
041 _2eng
041 _aeng
084 _qCRL
100 _aMichael Boylan
245 0 _aPhilosophy
245 3 _bAn Innovative Introduction: Fictive Narrative, Primary Texts, and Responsive Writing
260 _bTaylor and Francis
260 _c2010
365 _a
365 _b230
856 _uhttp://www.taylorfrancis.com/books/9780429498336
942 _cEBOOK
999 _c1769637
_d1769637